000 00289nam a22001337a 4500
008 181011b xxu||||| |||| 00| 0 eng d
020 _a0721635245
041 _aeng
080 _a610
100 _a4
101 _aSHM
245 _aEquine Internal Medicine
_cReed,S.M
942 _2udc
_cBK
999 _c49385
_d49385